00537nmm a2200169Ia 4500008004100000020001800041041000800059100002100067245006600088264005600154300001800210490003200228650003200260856005100292942000700343999001700350251105s9999||||xx |||||||||||||||||und|| a9789560002648 aspa aCoutinho, Carlos 0aMarxismo y política. La dualidad de poderes y otros ensayos a[Santiago de Chile, Chile] :bLOM Ediciones, c2011 a138 páginas aCiencias Sociales y Humanas aPolitical Science (General) uhttps://public.digitaliapublishing.com/a/18243 cCF c93480d93480